00326nam a2200121Ia 4500008004100000020002200041041000800063082002700071100002100098245004000119260003700159300000800196230519s9999 xx 000 0 und d a978-93-5152-407-6 aeng aMS/610.7361/BAS/DB0344 aBasavanthappa BT aMedical Surgical Nursing : Volume 1 bJaypee BrothersaNew Delhic2015 a772